<?xml version="1.0" encoding="UTF-8"?>
<record
    xmlns:xsi="http://www.w3.org/2001/XMLSchema-instance"
    xsi:schemaLocation="http://www.loc.gov/MARC21/slim http://www.loc.gov/standards/marcxml/schema/MARC21slim.xsd"
    xmlns="http://www.loc.gov/MARC21/slim">

  <leader>01629nam a22002777a 4500</leader>
  <controlfield tag="005">20150214102837.0</controlfield>
  <controlfield tag="008">041004s2005    ck bdo gr     00010 spa d</controlfield>
  <datafield tag="020" ind1=" " ind2=" ">
    <subfield code="a">9583382817</subfield>
  </datafield>
  <datafield tag="040" ind1=" " ind2=" ">
    <subfield code="a">CO-BoIAVH</subfield>
    <subfield code="c">CO-BoIAVH</subfield>
  </datafield>
  <datafield tag="041" ind1=" " ind2=" ">
    <subfield code="a">spa</subfield>
  </datafield>
  <datafield tag="044" ind1=" " ind2=" ">
    <subfield code="a">ck</subfield>
  </datafield>
  <datafield tag="082" ind1="0" ind2="4">
    <subfield code="a">583.42 </subfield>
    <subfield code="b">U42g</subfield>
  </datafield>
  <datafield tag="100" ind1="1" ind2=" ">
    <subfield code="a">Ulloa Delgado, Giovanni Andr&#xE9;es.</subfield>
    <subfield code="9">6887</subfield>
  </datafield>
  <datafield tag="245" ind1="1" ind2="0">
    <subfield code="a">Plan de Manejo Integral de los Manglares de la Zona de Uso  Sostenible de la Bah&#xED;a de Cispat&#xE1;, C&#xF3;rdoba -Colombia:</subfield>
    <subfield code="b">gu&#xED;a /</subfield>
    <subfield code="c">Giovanni Andr&#xE9;s Ulloa Delgado, H&#xE9;ctor A. Tavera Escobar ; revisi&#xF3;n de textos Luis Enrique Vega G., Doris Stella Liscano Q. ; fotograf&#xED;as Giovanni Andr&#xE9;s Ulloa Delgado, Denis L. Cavanzo Ulloa, H&#xE9;ctor A. Tavera Escobar ; diagramaci&#xF3;n digital Doris Stella Liscano Quevedo</subfield>
  </datafield>
  <datafield tag="246" ind1="3" ind2="3">
    <subfield code="a">Gu&#xED;a para la implementaci&#xF3;n Plan de Manejo Integral de los Manglares de la zona de uso  sostenible de la bah&#xED;a de Cispat&#xE1;, C&#xF3;rdoba -Colombia</subfield>
  </datafield>
  <datafield tag="260" ind1="3" ind2=" ">
    <subfield code="a">Bogot&#xE1;</subfield>
    <subfield code="b">Corporaci&#xF3;n Aut&#xF3;noma Regional de los Valles del Sin&#xFA; y del San Jorge </subfield>
    <subfield code="b">Conif. Corporaci&#xF3;n de la Investigaci&#xF3;n y Fomento Forestal</subfield>
    <subfield code="c">2005</subfield>
  </datafield>
  <datafield tag="300" ind1=" " ind2=" ">
    <subfield code="a">28 p. </subfield>
    <subfield code="b">fot., mapas, tablas</subfield>
    <subfield code="c">28 cm</subfield>
  </datafield>
  <datafield tag="650" ind1="1" ind2="6">
    <subfield code="a">Manglares</subfield>
    <subfield code="z"> Cispat&#xE1; (C&#xF3;rdoba, Colombia)</subfield>
    <subfield code="9">33009</subfield>
  </datafield>
  <datafield tag="650" ind1="1" ind2="6">
    <subfield code="a">Ecolog&#xED;a de manglares.</subfield>
    <subfield code="z"> Cispat&#xE1; (C&#xF3;rdoba, Colombia)</subfield>
    <subfield code="9">33010</subfield>
  </datafield>
  <datafield tag="650" ind1="1" ind2="6">
    <subfield code="a">Vegetaci&#xF3;n</subfield>
    <subfield code="z"> Cispat&#xE1; (C&#xF3;rdoba, Colombia)</subfield>
    <subfield code="9">33011</subfield>
  </datafield>
  <datafield tag="650" ind1=" " ind2=" ">
    <subfield code="a">Ecolog&#xED;a vegetal</subfield>
    <subfield code="z"> Cispat&#xE1; (C&#xF3;rdoba, Colombia)</subfield>
    <subfield code="9">33012</subfield>
  </datafield>
  <datafield tag="700" ind1="1" ind2="2">
    <subfield code="a">Ulloa Delgado, Giovanni Andr&#xE9;s</subfield>
    <subfield code="e">autor, fot.</subfield>
    <subfield code="9">5171</subfield>
  </datafield>
  <datafield tag="700" ind1="1" ind2="2">
    <subfield code="a">Tavera Escobar, H&#xE9;ctor Arsenio</subfield>
    <subfield code="e">autor, fot.</subfield>
    <subfield code="9">2439</subfield>
  </datafield>
  <datafield tag="700" ind1="1" ind2="2">
    <subfield code="a">Cavanzo Ulloa, Dennis Leonardo, </subfield>
    <subfield code="e">fot.</subfield>
    <subfield code="9">6892</subfield>
  </datafield>
  <datafield tag="942" ind1=" " ind2=" ">
    <subfield code="2">ddc</subfield>
    <subfield code="c">Impreso</subfield>
  </datafield>
  <datafield tag="999" ind1=" " ind2=" ">
    <subfield code="c">8120</subfield>
    <subfield code="d">8120</subfield>
  </datafield>
  <datafield tag="952" ind1=" " ind2=" ">
    <subfield code="0">0</subfield>
    <subfield code="1">0</subfield>
    <subfield code="2">ddc</subfield>
    <subfield code="4">0</subfield>
    <subfield code="7">0</subfield>
    <subfield code="8">GENERAL</subfield>
    <subfield code="I">INV2017</subfield>
    <subfield code="a">Bogota</subfield>
    <subfield code="b">Bogota</subfield>
    <subfield code="d">2014-02-19</subfield>
    <subfield code="l">0</subfield>
    <subfield code="o">LB-583.42 U42g</subfield>
    <subfield code="p">034046</subfield>
    <subfield code="r">2014-02-19 00:00:00</subfield>
    <subfield code="t">Ej. 1</subfield>
    <subfield code="w">2014-02-19</subfield>
    <subfield code="x">Donaci&#xF3;n</subfield>
    <subfield code="y">Folleto</subfield>
  </datafield>
</record>
